| 000 | 00000nam##2200000za#4500 |
| 001 | 9.633019 |
| 003 | CaOODSP |
| 005 | 20210624215125 |
| 007 | cr ||||||||||| |
| 008 | 150407|2002||||xxc|||||o f|0| 0 fre|d |
| 040 | |aCaOODSP|bfre |
| 043 | |an-cn--- |
| 086 | 1 |aCi51-76/2002F-PDF |
| 110 | 1 |aCanada. |bPatrimoine canadien. |
| 245 | 10|aConvention sur l'élimination de toutes les formes de discrimination à l'égard des femmes : |h[ressource électronique]|bcinquième rapport du Canada couvrant la période d'avril 1994 à mars 1998 / |cPublié par le Programme des droits de la personne. |
| 260 | |aHull - Québec : |bPatrimoine canadien |c2002. |
| 300 | |a103, 182p.|btableaux |
| 500 | |aLe n° de catalogue l'édition imprimée 2002 à été imprimé dans cette édition électronique. N.B.: L'ISBN imprimé dans cette publication est incorrect. |
| 590 | |a06-10-Supp|b2006-12-15 |
| 691 | 07|aAccord international|2gcpds |
| 691 | 07|aDiscrimination sexuelle|2gcpds |
| 691 | 07|aFemme|2gcpds |
| 775 | 08|tConvention on the elimination of all forms of discrimination against women : |w(CaOODSP)9.688597 |
| 776 | 0#|tConvention sur l'élimination de toutes les formes de discrimination à l'égard des femmes : |w(CaOODSP)9.681770 |
| 856 | 40|ahttp://publications.gc.ca|qPDF|s284 Ko|uhttps://publications.gc.ca/collections/Collection/Ci51-76-2002F.pdf |
| 856 | 40|ahttp://publications.gc.ca|qPDF|s412 Ko|uhttps://publications.gc.ca/collections/Collection/Ci51-76-2002F-2.pdf |